Manifiesto de Eusebio Bentura Beleña /

Gardado en:
Detalles Bibliográficos
Autor Principal: Bentura Beleña, Eusebio (autor)
Outros autores: Almada Bay, Ignacio (edición, introducción y notas) (edición, introducción y notas)
Formato: Libro
Idioma:Lingua castelá
Publicado: Zamora, México : Guadalajara, México : Hermosillo, México : El Colegio de Michoacán ; Universidad de Guadalajara, Centro Universitario de Ciencias Sociales y Humanidades ; El Colegio de Sonora, 2006, c2006
Series:(Fuentes El Colegio de Michoacán)
Temas:
Etiquetas: Engadir etiqueta
Sen Etiquetas, Sexa o primeiro en etiquetar este rexistro!

MARC

LEADER 00000nam^a2200000^a^4500
001 000266602
005 20250521000000.0
009 20260310110755.26
020 |a 970-679-197-3 
037 |a Acervo ITESO - Biblioteca 
041 |a ESP 
082 |a 972. 03  |b BEN 
100 |a Bentura Beleña, Eusebio  |e (autor) 
245 1 0 |a Manifiesto de Eusebio Bentura Beleña /  |c E. Bentura Beleña ; ed., introd. y notas de I. Almada Bay... [et al.]. 
264 4 |a Zamora, México :  |b El Colegio de Michoacán ;  |a Guadalajara, México :  |b Universidad de Guadalajara, Centro Universitario de Ciencias Sociales y Humanidades ;  |a Hermosillo, México :  |b El Colegio de Sonora,  |c 2006, c2006 
300 |a 245 p. +  |e 1 mapa (mapa consultable en la Mapoteca) 
336 |a texto  |b txt  |2 rdacontenido 
337 |a sin mediación  |b n  |2 rdamedio 
338 |a volumen  |b nc  |2 rdasoporte 
440 1 |a (Fuentes El Colegio de Michoacán) 
649 |a XX 
650 |a División Política y Administrativa -  |z México -  |x Historia -  |y Virreinato, 1535-1821 
650 |a Reforma Política -  |z España -  |x Historia -  |y Carlos III, 1759-1788 -  |x Tema Principal 
650 |a Reforma Política -  |z España -  |x Historia -  |y Borbones, 1700-1931 
650 |a Reforma Política -  |z México -  |x Historia -  |y Siglo XVIII -  |x Tema Principal 
650 |a Reforma Política -  |z México -  |x Historia -  |y Virreinato, 1535-1821 
650 |a Administración Pública -  |z México -  |x Historia -  |y Siglo XVIII 
650 |a Administración Pública -  |z México -  |x Historia -  |y Virreinato, 1535-1821 
650 |a Sinaloa -  |x Historia -  |y Virreinato, 1535-1821 
650 |a Sinaloa -  |x Historia -  |y Epoca Colonial, 1517-1821 
650 |a Sonora -  |x Historia -  |y Virreinato, 1535-1821 
650 |a Sonora -  |x Historia -  |y Epoca Colonial, 1517-1821 
650 |a México -  |x Historia -  |y Virreinato, 1535-1821 
650 |a México -  |x Historia -  |y Epoca Colonial, 1517-1821 
650 |a Bentura Beleña, Eusebio 
700 |a Almada Bay, Ignacio  |e (edición, introducción y notas) 
910 |a Fondo General 
920 |a Impresos - Libros 
930 |a Colección General 
905 |a 101 
901 |a 0500149859  |b IT1  |c ACC  |u 20250521 
901 |a 0500177653  |b IT2  |c MAP  |u 20250521 
902 |a https://opac.biblio.iteso.mx/vufind/Record/000266602